Mzdové zvýhodnenia po novom

Špecifický charakter mzdových zvýhodnení. Prehľad sadzieb mzdových plnení pre rok 2020 a minimálnych výšok mzdových plnení pre rok 2019 a 2020. Príplatky za prácu nadčas, vo sviatok, v sobotu, v nedeľu, príplatky za nočnú prácu. Mzdová kompenzácia za sťažený výkon práce.

Enregistré dans:
Détails bibliographiques
Auteur principal: Matlovičová, Iveta
Format: Chapitre de livre
Langue:slovaque
Sujets:
Tags: Ajouter un tag
Pas de tags, Soyez le premier à ajouter un tag!

MARC

LEADER 00000naa a2200000 4500
001 0260565
005 20200102093552.1
041 0 |a slo 
044 |a SK 
245 1 0 |a Mzdové zvýhodnenia po novom  |c Iveta Matlovičová 
520 |a Špecifický charakter mzdových zvýhodnení. Prehľad sadzieb mzdových plnení pre rok 2020 a minimálnych výšok mzdových plnení pre rok 2019 a 2020. Príplatky za prácu nadčas, vo sviatok, v sobotu, v nedeľu, príplatky za nočnú prácu. Mzdová kompenzácia za sťažený výkon práce. 
610 2 0 |a zvýhodnenie mzdové 
610 2 0 |a príplatky 
610 2 0 |a mzdy 
610 2 0 |a zamestnanci 
610 2 0 |a zamestnávatelia 
610 2 0 |a zmluvy pracovné 
610 2 0 |a práca nadčasová 
610 2 0 |a legislatíva 
610 2 0 |a práca vo sviatok 
610 2 0 |a práca nočná 
100 1 |a Matlovičová, Iveta